Pastorácia s dôrazom na spoločenstvo a evanjelizáciu -trápenie individualistov alebo vytváranie spoločenstva?

Bibliographic Details
Main Author: Šmidriak, Ondrej, 1969- (Author)
Format: Book
Language:Slovak
PhysicalDescription:253 s. tab. 23 cm
Published: Ružomberok Verbum 2012
ISBN:9788080848712
Subjects:

MARC

LEADER 00000cam a2200000 a 4500
001 vtls010426058
003 SK-MaSNL
005 20260301085353.0
008 240318s2012 xo l f 000 0 slo
015 |a SNBA2012/08-04660 
020 |a 9788080848712  |q (brož.) 
035 |a FB48863E-C13D-4768-A911-9E749B652925 
035 |a urn:nbn:sk:snk-amjkro 
035 |a urn:nbn:sk:snk-am0012y7 
040 |a SNK  |b slo  |c SNK  |e AACR2 
041 0 |a slo 
044 |a xo  |c SK 
072 7 |a 27-46/-48  |x Pastorálna teológia  |2 konspekt 
080 |a 27-46  |2 2001 
080 |a 27-784  |2 2001 
080 |a 27-72-144  |2 2001 
080 |a 27-766  |2 2001 
080 |a (048.8)  |2 2001 
100 1 |a Šmidriak, Ondrej,  |d 1969-  |4 aut  |9 11070 
245 1 0 |a Pastorácia s dôrazom na spoločenstvo a evanjelizáciu  |b -trápenie individualistov alebo vytváranie spoločenstva?  |c Ondrej Šmidriak 
260 |a Ružomberok  |b Verbum  |c 2012 
300 |a 253 s.  |b tab.  |c 23 cm 
500 |a Vydalo vydavateľstvo Katolíckej univerzity v Ružomberku - Verbum 
504 |a Bibliogr. s. 249-253. Bibliogr. odkazy. Zoz. skrat. 
650 0 7 |a pastorácia  |2 SNKPH  |9 1972 
650 0 7 |a kresťanské spoločenstvá  |2 SNKPH  |9 24039 
650 0 7 |a comunio  |2 SNKPH  |9 76026 
650 0 7 |a evanjelizácia  |2 SNKPH  |9 4098 
650 0 7 |a Pastoral care  |2 SNKPHeng  |9 317711 
650 0 7 |a Christian groups  |2 SNKPHeng  |9 312628 
650 0 7 |a Communion  |2 SNKPHeng  |9 334297 
650 0 7 |a Evangelistic work  |2 SNKPHeng  |9 282531 
650 0 7 |a pastorálna teológia  |2 SNKPH  |9 1811 
650 0 7 |a Pastoral theology  |2 SNKPHeng  |9 267041 
655 7 |a monografie  |2 SNKPH  |9 70139 
655 7 |a Monographs  |2 SNKPHeng  |9 120675 
852 |a Štátna vedecká knižnica v Banskej Bystrici 
919 |a 978-80-8084-871-2 
958 |a NT 
968 |d 2 
999 |c 665608  |d 667538 
952 |a SNK  |b SNK  |y PREZ  |7 0  |p 17A1017938  |o snkSC 149886  |i snk2012/11294  |8 0  |0 0  |1 0  |4 0  |d 2012-06-08  |l 0  |r 2025-07-18 00:00:00  |w 2026-02-23 
952 |a SNK  |b SNK  |y VYP  |7 0  |p 17A1017937  |o snkSC 149886 D1  |i snk2012/11295  |8 0  |0 0  |1 0  |4 0  |d 2012-06-08  |f 1  |l 0  |r 2026-02-23 19:08:03  |w 2026-02-23